Normal view
MARC view
Entry Personal Name
001 - CONTROL NUMBER
- control field: 42608
003 - CONTROL NUMBER IDENTIFIER
- control field: dpl
005 - DATE AND TIME OF LATEST TRANSACTION
- control field: 20120218154314.0
008 - FIXED-LENGTH DATA ELEMENTS
- fixed length control field: 120218|||a|||||| | ||| d
040 ## - CATALOGING SOURCE
- Original cataloging agency: dpl
- Transcribing agency: dpl
100 ## - HEADING--PERSONAL NAME
- Personal name: Ramchander, M.
670 ## - SOURCE DATA FOUND
- Source citation: Work cat.: (dpl): Rao, N. V. Jagga 42607, Books to bytes : Library and Information Technology in the new millennium /, 2000
670 ## - SOURCE DATA FOUND
- Source citation: Work cat.: (dpl): Rao, N. V. Jagga 42607, Books to bytes : Library and Information Technology in the new millennium /, 2000
